|
|
|
|
| LEADER |
00000naa2a2200000 4500 |
| 001 |
130287 |
| 005 |
20231031133842.0 |
| 035 |
|
|
|a (RuTPU)RU\TPU\book\141108
|
| 090 |
|
|
|a 130287
|
| 100 |
|
|
|a 20080201d2007 k y0rusy50 ca
|
| 101 |
0 |
|
|a rus
|
| 102 |
|
|
|a RU
|
| 200 |
1 |
|
|a Анализ аварийных ситуаций на реакторах ВВЭР
|f Ю. В. Данейкин [и др.]
|
| 463 |
|
0 |
|0 (RuTPU)RU\TPU\book\93764
|y 5-98298-125-7
|t Физико-технические проблемы атомной энергетики и промышленности
|o сборник тезисов докладов IV Международной научно-практической конференции; г. Томск, 7-8 июня 2007 г.
|f Томский политехнический университет (ТПУ); Сибирский химический комбинат
|v С. 23
|d 2007
|p 174 с.
|
| 610 |
1 |
|
|a реакторы
|
| 610 |
1 |
|
|a аварийные ситуации
|
| 610 |
1 |
|
|a теплоносители
|
| 610 |
1 |
|
|a аварии
|
| 610 |
1 |
|
|a труды учёных ТПУ
|
| 701 |
|
1 |
|a Данейкин
|b Ю. В.
|
| 701 |
|
1 |
|a Колпаков
|b Г. Н.
|
| 701 |
|
1 |
|a Косолапов
|b И. М.
|
| 701 |
|
1 |
|a Свинухов
|b Д. С.
|
| 801 |
|
1 |
|a RU
|b 63413507
|c 20080201
|g PSBO
|
| 942 |
|
|
|c BK
|